VMS Library
Email : library.aptu@gmail.com / Tel. 0-2986-9605-6 ext.2003 / Line Official : @vmslibrary
เปลี่ยนเป็นภาษาไทย

Change to English
 แสดงรายละเอียดบรรณานุกรม
  กลับหน้าหลัก

Brief Record : Get Marc (ISO 2709) : E-mail record : QR code ปิดหน้าต่าง
E-Book หนังสือทั่วไป : เกี่ยวกับ Collections
LEADER 00000nam 2200000uu 4500
001    13399137019
003     ULIBM
008    260512s2569||||th 000 0 tha d
020    ^a9786166022711
050  0 ^aHD1393.55^b.ช432 2569
100 0  ^aชัยวัฒน์ ริรัตนพงษ์.
245 10 ^aการบริหารอสังหาริมทรัพย์องค์กรอย่างเป็นกลยุทธ์ :^bStrategic corporate real estate management /^cรองศาสตราจารย์ ดร. ชัยวัฒน์ ริรัตนพงษ์.
260    ^aปทุมธานี :^bสำนักพิมพ์มหาวิทยาลัยธรรมศาสตร์,^c2569.
300    ^a156 หน้า.
505 0  ^aส่วนที่ 1 แนวคิดและทฤษฎี -- พื้นฐานและมิติของการจัดการสถานที่ทำงาน -- การบริหารอสังหาริมทรัพย์และกลยุทธ์องค์กร -- ส่วนที่ 2 งานวิจัยที่เกี่ยวข้อง -- การใช้หลัการ ESG ในการบริหารอสังหาริมทรัพย์ขององค์กร -- การประยุกต์ POE และ PDE ในการประเมินความต้องการพื้นที่ห้องสมุด -- การใช้ DAS framework เพื่อปรับปรุงอาคารเรียนสถาปัตยกรรม -- ส่วนที่ 3 บทสรุปและข้อเสนอแนะ
650  7 ^aอาคารสำนักงาน^xการจัดการ.
650  7 ^aการจัดการอสังหาริมทรัพย์.
650  7 ^aสิ่งแวดล้อมในที่ทำงาน.
650  7 ^aการบริหารทรัพยากรกายภาพ.
650  7 ^aการวางแผนเชิงกลยุทธ์.
999    ^aปวีนา มาลยาภรณ์
รายการนี้ยังไม่มีแท็ก
คุณยังไม่ได้ล็อกอิน คุณสามารถมีกิจกรรมร่วมกับเว็บไซต์ได้ แต่ต้องล็อกอินก่อน ::
  ล็อกอิน
ลำดับที่ ประเภท เลขเรียก/บาร์โค้ด สถานที่ สถานะ
1. หนังสือ
หนังสือ
HD1393.55 .ช432 2569  
  Barcode: 3 26 025564
หนังสือทั่วไป On Shelf
  ขอยืม
   [แสดง 1/1 รายการ]

รายการใกล้เคียง
    ผู้แต่ง [ชัยวัฒน์ ริรัตนพงษ์.]

    หัวเรื่อง [การจัดการอสังหาริมทรัพย์.]
    หัวเรื่อง [สิ่งแวดล้อมในที่ทำงาน.]
    หัวเรื่อง [การบริหารทรัพยากรกายภาพ.]
    หัวเรื่อง [การวางแผนเชิงกลยุทธ์.]

BibComment


ยังไม่เคยถูกคอมเมนท์

คอมเมนท์ทรัพยากรรายการนี้
  คอมเมนท์: การบริหารอสังหาร..
Bib 13399137019
 
 
 

 Union Library Management : ULibM
Copyright 2026. All Rights Reserved.